000 07138namaa22004331i 4500
003 EG-GICUC
005 20260413181204.0
008 260413s2025 ua a|||frm||| 000 0 eng d
040 _aEG-GICUC
_beng
_cEG-GICUC
_dEG-GICUC
_erda
041 0 _aeng
_beng
_bara
049 _aDeposit
082 0 4 _a615.82
092 _a615.82
_221
097 _aM.Sc
099 _aCai01.21.09.M.Sc.2025.Ro.I
100 0 _aRowan Mohamed Raga,
_epreparation.
245 1 0 _aThe immediate effect of manual needle acupuncture and electro acupuncture on the explosive force production of quadriceps on asymptomatic subjects randomized controlled trial/
_cby Rowan Mohamed Raga ; Supervisors Prof. Dr. Haytham Mohamed Elhafez, Prof. Dr. Alshaymaa Shaaban Abdelazeim.
246 1 5 _aالتأثير الفورى للوخز بالابر مقابل الوخز بالابر الكهربائى على نتاج القوة الانفجارية للعضلة الرباعية فى الاشخاص الاصحاء
264 0 _c2025.
300 _a81 pages :
_billustrations ;
_c25 cm. +
_eCD.
336 _atext
_2rda content
337 _aUnmediated
_2rdamedia
338 _avolume
_2rdacarrier
502 _aThesis (M.Sc)-Cairo University, 2025.
504 _aBibliography: pages 72-80.
520 3 _aBackground: Explosive force is the ability to overcome a certain resistance in a short time with great acceleration and is considered an important indicator of muscular performance. Acupuncture can increase the recruitment of motor units by stimulating nerve fibers at the acupoints and improves the coordination within and between muscles, thus increasing the ability of muscles to produce maximum power. Aim: The aim of this study was to compare between the immediate effect of manual needle acupuncture and electro acupuncture on the explosive force production of quadriceps on asymptomatic subjects. Methods: Sixty six young asymptomatic participants (18 –23 years old) were randomly assigned to three equal groups, manual acupuncture on acupoint ST32, ST34, ST36, and SP10 were given to Group "A", electro acupuncture on acupoint ST32, ST34, ST36, and SP10 were given to Group "B", and sham acupuncture on point adjacent to ST32, ST34, ST36, and SP10 were given to Group "C" for 20 minutes. The participants were assessed before and after 20 minutes of interventions. Results: Group B showed the highest percentage of increase across all variables, with increases of 60.17% in average max torque, 80.39% in average work, 70.74% in average power, and 54.94% in average peak power. In group A the percentage of increase was 45.72%, 65.55%, 51.40%, and 38.03% in the respective parameters. In contrast, group C showed no significant changes, with minimal percentage increases ranging from 2.47% to 5.22% (p > 0.05). Between groups, Post acupuncture there was a significant increase in average max torque, average work, average power, and average peak power in group A and B compared with that of group C (p < 0.001). Additionally, group B showed a significant increase than group A in all outcomes (p < 0.01). Conclusion: Manual needle acupuncture and electro acupuncture are both effective interventions for explosive force production of quadriceps in healthy subjects with electro acupuncture being superior.
520 3 _aالخلفية: القوة الانفجارية هي القدرة على التغلب على مقاومة معينة في فترة زمنية قصيرة مع تسارع كبير، وتعتبر مؤشراً مهماً للأداء العضلي. يُمكن للوخز بالإبر أن يزيد من استقطاب الوحدات الحركية من خلال تحفيز الألياف العصبية عند نقاط الوخز، مما يُحسن التنسيق داخل وبين العضلات، وبالتالي يزيد من قدرة العضلات على إنتاج أقصىقوة. الهدف: كان الهدف من هذه الدراسة هو مقارنة التأثير الفوري للوخز بالإبر اليدوية والوخز الكهربائي على إنتاج القوة الانفجارية لعضلات الفخذ لدى الأفراد غير المصابين. الطرق: تم اختيار ستة وستون مشاركًا شابًا غير مصاب (بين 18 و23 عامًا) بشكل عشوائي من كلا الجنسين، وقُسموا عشوائيًا إلى ثلاث مجموعات حيث تم إعطاء الوخز اليدوي عند نقاط الوخز ST32، ST34، ST36، وSP10 للمجموعة "أ"، بينما تم إعطاء الوخز الكهربائي عند نقاط الوخز ST32، ST34، ST36، وSP10 للمجموعة "ب"، وأُعطي الوخز الوهمي عند نقطة مجاورة لـ ST32، ST34، ST36، وSP10 للمجموعة "ج" لمدة 20 دقيقة. تم تقييم المشاركين قبل وبعد التدخلات. النتائج: أظهرت المجموعة "ب" أعلى نسبة زيادة عبر جميع المتغيرات، حيث زادت بمقدار 60.17% في متوسط العزم الأقصى، و80.39% في متوسط العمل، و70.74% في متوسط القوة، و54.94% في متوسط القوة القصوى. في المجموعة "أ"، كانت نسبة الزيادة 45.72%، 65.55%، 51.40%، و38.03% في المعايير المقابلة. في المقابل، لم تُظهر المجموعة "ج" تغييرات ملحوظة، حيث كانت الزيادات النسبية ضئيلة تتراوح بين 2.47% إلى 5.22% (p > 0.05). بين المجموعات، بعد الوخز، كانت هناك زيادة كبيرة في متوسط العزم الأقصى، ومتوسط العمل، ومتوسط القوة، ومتوسط القوة القصوى في المجموعتين "أ" و"ب" مقارنةً بالمجموعة "ج" (p < 0.001). بالإضافة إلى ذلك، أظهرت المجموعة "ب" زيادة ملحوظة مقارنةً بالمجموعة "أ" في جميع النتائج (p < 0.01). الخلاصة: الوخز بالإبر اليدوية والوخز الكهربائي هما تدخلاّن فعالان لإنتاج القوة الانفجارية لعضلات الفخذ لدى الأفراد الأصحاء، مع تفوق الوخز الكهربائي.
530 _aIssues also as CD.
546 _aText in English and abstract in Arabic & English.
650 0 _aPhysical Therapy
650 0 _aالعلاج الطبيعي
653 1 _aAcupoints; Acupuncture
_aDe–qi
_aElectro– Acupuncture
_aManual acupuncture
_aSham acupuncture
_aTraditional Chinese Medicine (TCM)
_a(TCM)نقاط الوخز
_aالطب الصيني التقليدي
700 0 _aHaytham Mohamed Elhafez
_ethesis advisor.
700 0 _aAlshaymaa Shaaban Abdelazeim
_ethesis advisor.
900 _b01-01-2025
_cHaytham Mohamed Elhafez
_cAlshaymaa Shaaban Abdelazeim.
_UCairo University
_FFaculty of Physical Therapy
_DDepartment of Basic Science
905 _aShimaa
942 _2ddc
_cTH
_e21
_n0
999 _c179449